Spoznaj zvieratá sveta

Podrobná bibliografia
Ďalší autori: Csurma, Ladislav, 1957- (Ilustrátor, Zostavovateľ, kompilátor), Dobrucký, Miroslav (Zostavovateľ, kompilátor)
Médium: Kniha
Jazyk:slovenčina
latinčina
Fyzický popis:[16] s. fareb. ilustr. 10 x 11 cm
Vydavateľské údaje: [Bratislava] Timy Partners 2010
ISBN:9788089311033
Predmet:

MARC

LEADER 00000nam a2200000 a 4500
001 vtls010631805
003 SK-MaSNL
005 20260331210019.0
008 160429s2010 xo a a 000 0 slo
015 |a SNBA2014/11 
020 |a 9788089311033 
040 |a SNK  |b slo  |c SNK  |e AACR2 
041 0 |a slo  |a lat 
044 |a xo  |c SK 
072 7 |a 0/9-053.2  |x Literatúra pre deti a mládež (náučná)  |2 konspekt 
072 7 |a 59  |x Zoológia  |2 konspekt 
080 |a 592/599  |2 2001 
080 |a (0.053.2)  |2 2001 
080 |a (0.025.2)  |2 2001 
100 1 |a Csurma, Ladislav,  |d 1957-  |4 ill  |4 com  |9 184168 
245 1 0 |a Spoznaj zvieratá sveta  |c [illustrations: Ladislav Csurma ; zostavili: Ladislav Csurma, Miroslav Dobrucký] 
260 |a [Bratislava]  |b Timy Partners  |c 2010 
300 |a [16] s.  |b fareb. ilustr.  |c 10 x 11 cm 
500 |a Názov z obalu 
500 |a Kartónové listy 
546 |a Súbež. text v lat. 
650 0 7 |a zvieratá  |2 SNKPH  |9 1091 
650 0 7 |a Animals  |2 SNKPHeng  |9 267568 
655 7 |a publikácie pre deti  |2 SNKPH  |9 70148 
655 7 |a Children's literature  |2 SNKPHeng  |9 276039 
655 7 |a leporelá  |2 SNKPH  |9 60414 
655 7 |a Picture books for children  |2 SNKPHeng  |9 277438 
700 1 |a Dobrucký, Miroslav  |4 com  |9 13126 
919 |a 978-80-89311-03-3 
958 |a DB 
999 |c 583152  |d 585082 
952 |a SNK  |b SNK  |y PREZ  |7 0  |p 17A1118815  |o snkOSE 4975  |i snk2014/23594  |8 0  |0 0  |1 0  |4 0  |d 2014-10-30  |l 0  |r 2026-02-23 14:58:41  |w 2026-02-23